banner koha

Prognostico agricola 1996/97: algodao, arroz, feijao, milho, soja (Registro n. 154131)

MARC details
000 -LÍDER
campo de controle de tamanho fixo 01809nas a2200685 4500
001 - NÚMERO DE CONTROLE
campo de controle BR9701531
003 - IDENTIFICADOR DO NÚMERO DE CONTROLE
campo de controle BR-BrBNA
005 - DATA E HORÁRIO DA ÚLTIMA TRANSAÇÃO
campo de controle 20231205100042.0
007 - CAMPO FIXO DE DESCRIÇÃO FÍSICA--INFORMAÇÃO GERAL
campo de controle de tamanho fixo ta
008 - CAMPO DE DADOS FIXOS--INFORMAÇÃO GERAL
campo de controle de tamanho fixo 230509b bl.|||p| |||| 00| 00por d
040 ## - FONTE DA CATALOGAÇÃO
Instituição da catalogação original BR-BrBNA
Idioma da catalogação por
Instituição que transcreveu o registro Biblioteca Nacional de Agricultura
041 ## - CÓDIGO DE IDIOMA
Código do idioma do texto/trilha sonora ou título diferente (Pt)
072 ## - CÓDIGO DE CATEGORIA DE ASSUNTO
Código de Categoria de Assunto E16; E70
100 1# - ENTRADA PRINCIPAL--NOME PESSOAL
Nome pessoal Tsunechiro, A.
100 1# - ENTRADA PRINCIPAL--NOME PESSOAL
Nome pessoal Bessa Junior, A. de A.
100 1# - ENTRADA PRINCIPAL--NOME PESSOAL
Nome pessoal Ghilardi, A.A.
100 1# - ENTRADA PRINCIPAL--NOME PESSOAL
Nome pessoal Ferreira, C.R.R.P.T.
100 1# - ENTRADA PRINCIPAL--NOME PESSOAL
Nome pessoal Silva, C.R.L. da
100 1# - ENTRADA PRINCIPAL--NOME PESSOAL
Nome pessoal Okawa, H.
100 1# - ENTRADA PRINCIPAL--NOME PESSOAL
Nome pessoal Kiyuna, I.
100 1# - ENTRADA PRINCIPAL--NOME PESSOAL
Nome pessoal Silva, J.R. da
100 1# - ENTRADA PRINCIPAL--NOME PESSOAL
Nome pessoal Goncalves, J.S.
100 1# - ENTRADA PRINCIPAL--NOME PESSOAL
Nome pessoal Otani, M.N.
100 1# - ENTRADA PRINCIPAL--NOME PESSOAL
Nome pessoal Souza, M.C.M. de
100 1# - ENTRADA PRINCIPAL--NOME PESSOAL
Nome pessoal Rocha, M.B.
100 1# - ENTRADA PRINCIPAL--NOME PESSOAL
Nome pessoal Barbosa, M.Z.
100 1# - ENTRADA PRINCIPAL--NOME PESSOAL
Nome pessoal Oliveira, M.D.M.
100 1# - ENTRADA PRINCIPAL--NOME PESSOAL
Nome pessoal Martin, N.B.
100 1# - ENTRADA PRINCIPAL--NOME PESSOAL
Nome pessoal Arruda, S.T.
100 1# - ENTRADA PRINCIPAL--NOME PESSOAL
Nome pessoal Martins, S.S.
100 1# - ENTRADA PRINCIPAL--NOME PESSOAL
Nome pessoal Silva, V. da
100 1# - ENTRADA PRINCIPAL--NOME PESSOAL
Nome pessoal Toledo, Y.I.M. de
245 1# - TÍTULO
Título Prognostico agricola 1996/97: algodao, arroz, feijao, milho, soja
650 ## - ASSUNTO--TERMO TÓPICO
Cabeçalho tópico ou nome geográfico Planta Oleaginosa
650 ## - ASSUNTO--TERMO TÓPICO
Cabeçalho tópico ou nome geográfico Soja
650 ## - ASSUNTO--TERMO TÓPICO
Cabeçalho tópico ou nome geográfico Algodao
650 ## - ASSUNTO--TERMO TÓPICO
Cabeçalho tópico ou nome geográfico Arroz
650 ## - ASSUNTO--TERMO TÓPICO
Cabeçalho tópico ou nome geográfico Feijao
650 ## - ASSUNTO--TERMO TÓPICO
Cabeçalho tópico ou nome geográfico Politica Agricola
650 ## - ASSUNTO--TERMO TÓPICO
Cabeçalho tópico ou nome geográfico Credito
650 ## - ASSUNTO--TERMO TÓPICO
Cabeçalho tópico ou nome geográfico Financiamento
650 ## - ASSUNTO--TERMO TÓPICO
Cabeçalho tópico ou nome geográfico Venda
650 ## - ASSUNTO--TERMO TÓPICO
Cabeçalho tópico ou nome geográfico Comercio
650 ## - ASSUNTO--TERMO TÓPICO
Cabeçalho tópico ou nome geográfico Manutencao
650 ## - ASSUNTO--TERMO TÓPICO
Cabeçalho tópico ou nome geográfico Clima
650 ## - ASSUNTO--TERMO TÓPICO
Cabeçalho tópico ou nome geográfico Armazenamento
650 ## - ASSUNTO--TERMO TÓPICO
Cabeçalho tópico ou nome geográfico Custo de Producao
650 ## - ASSUNTO--TERMO TÓPICO
Cabeçalho tópico ou nome geográfico Custo Operacional
650 ## - ASSUNTO--TERMO TÓPICO
Cabeçalho tópico ou nome geográfico Colheita
650 ## - ASSUNTO--TERMO TÓPICO
Cabeçalho tópico ou nome geográfico Safra
650 ## - ASSUNTO--TERMO TÓPICO
Cabeçalho tópico ou nome geográfico Mercado
650 ## - ASSUNTO--TERMO TÓPICO
Cabeçalho tópico ou nome geográfico Defensivo
650 ## - ASSUNTO--TERMO TÓPICO
Cabeçalho tópico ou nome geográfico Acaricida
650 ## - ASSUNTO--TERMO TÓPICO
Cabeçalho tópico ou nome geográfico Inseticida
650 ## - ASSUNTO--TERMO TÓPICO
Cabeçalho tópico ou nome geográfico Economia Agricola
650 ## - ASSUNTO--TERMO TÓPICO
Cabeçalho tópico ou nome geográfico MERCOSUL
773 0# - ENTRADA ANALÍTICA
Título Informacoes Economicas - Instituto de Economia Agricola (Brazil)
ISSN - International Standard Serial Number ISSN 0100-4409
Partes relacionadas (Aug 1996), v. 26(8) p. 51-102
Número de controle do registro BR9701531
909 ## -
-- 202311
-- Lúcia
-- 55
-- Lúcia Elande
942 ## - ELEMENTOS DE ENTRADA ADICIONADOS (KOHA)
Fonte da classificação ou esquema de arquivamento na estante Classificação AGRIS
Ocultar no OPAC Não
Tipo de material Koha Analítica
Exemplares
Situação do descarte Fonte da classificação ou esquema de arquivamento na estante Situação física Não pode ser emprestado Biblioteca de origem Biblioteca atual Localização na estante Enumeração do periódico / cronologia Total de empréstimos Data de último acesso Número do exemplar Tipo de material Koha Fonte de aquisição
  Classificação AGRIS   Consulta local Biblioteca Nacional de Agricultura - Binagri Biblioteca Nacional de Agricultura - Binagri   (Aug 1996), v. 26(8) p. 51-102   29/11/2023 01 Periódicos Portaria Interministerial nº 164/94

BINAGRI

Telefone: (61)3218-2567/2388/3357/2097 - binagri@agro.gov.br

Ministério da Agricultura e Pecuária , Esplanada dos Ministérios, Bloco D, Anexo B, Brasília/DF, CEP: 70.043-900